Every UEFA Champions League Motm 25/26 - Statistics

General Stats
  • This quiz has been taken 8 times
  • The average score is 39 of 136
Answer Stats
X Player % Correct
2 Ars 1 David Raya
100%
2 Ars 3 Declan Rice
100%
1 Psg 2 Désiré Doué
100%
13 Mci 1 Erling Haaland
100%
5 Rma 3 Kylian Mbappe
83%
1 Psg 2 Ousmane Dembélé
83%
5 Rma 2 Vinícius Júnior
83%
8 Liv 2 Virgil van Dijk
83%
1 Psg 2 Vitinha
83%
4 Atl 1 Antoine Griezmann
67%
5 Rma 2 Aurelién Tchouaméni
67%
24 Paf 1 David Luiz
67%
2 Ars 1 Gabriel Jesus
67%
3 Bay 4 Harry Kane
67%
4 Atl 3 Julián Alvarez
67%
2 Ars 1 Kai Havertz
67%
20 Juv 1 Khephren Thuram
67%
1 Psg 4 Khvicha Kvaratskhelia
67%
7 Bar 1 Lamine Yamal
67%
18 Int 2 Marcus Thuram
67%
2 Ars 1 Martin Ødegaard
67%
2 Ars 1 Martin Zubimendi
67%
3 Bay 2 Michael Olise
67%
11 Che 1 Moises Caicedo
67%
1 Psg 2 Nuno Mendes
67%
13 Mci 2 Phil Foden
67%
7 Bar 1 Raphinha
67%
13 Mci 1 Rayan Cherki
67%
8 Liv 1 Ryan Gravenberch
67%
16 Gal 4 Victor Osimhen
67%
1 Psg 1 Willian Pacho
67%
8 Liv 2 Alexis Mac Allister
50%
6 New 3 Anthony Gordon
50%
8 Liv 2 Dominik Szoboszlai
50%
2 Ars 1 Gabriel Martinelli
50%
4 Atl 2 Giuliano Simeone
50%
11 Che 1 João Pedro
50%
29 Usg 1 Kevin Mac Allister
50%
3 Bay 2 Manuel Neuer
50%
25 OM 1 Mason Greenwood
50%
2 Ars 1 Mikel Merino
50%
13 Mci 1 Nico O'Reilly
50%
2 Ars 1 Noni Madueke
50%
2 Ars 1 Viktor Gyökeres
50%
4 Atl 2 Alexander Sørloth
33%
18 Int 1 Denzel Dumfries
33%
18 Int 1 Federico Dimarco
33%
7 Bar 1 Jules Koundé
33%
20 Juv 2 Kenan Yıldız
33%
3 Bay 2 Lennart Karl
33%
9 Scp 1 Luis Suárez
33%
7 Bar 1 Marcus Rashford
33%
19 Bvb 2 Serhou Guirassy
33%
22 Bil 1 Unai Simón
33%
10 Tot 3 Xavi Simons
33%
6 New 1 Anthony Elanga
17%
5 Rma 1 Arda Güler
17%
15 Ata 3 Charles De Ketelaere
17%
10 Tot 1 Cristian Romero
17%
7 Bar 1 Dani Olmo
17%
28 Psv 1 Dennis Man
17%
20 Juv 1 Dušan Vlahović
17%
11 Che 1 Estêvão
17%
5 Rma 1 Fede Valverde
17%
19 Bvb 1 Felix Nmecha
17%
7 Bar 2 Fermín López
17%
21 Mon 1 Folarin Balogun
17%
9 Scp 4 Francisco Trincão
17%
22 Bil 1 Gorka Guruzeta
17%
10 Tot 1 Guglielmo Vicario
17%
17 Bru 2 Hans Vanaken
17%
14 Lev 1 Ibrahim Maza
17%
28 Psv 1 Ismael Saibari
17%
12 Bod 3 Jens Petter Hauge
17%
4 Atl 1 José María Giménez
17%
19 Bvb 1 Julian Brandt
17%
10 Tot 1 Lucas Bergvall
17%
11 Che 2 Marc Cucurella
17%
19 Bvb 1 Marcel Sabitzer
17%
14 Lev 1 Mark Flekken
17%
35 Vil 1 Nicolas Pépé
17%
14 Lev 1 Patrik Schick
17%
9 Scp 1 Pedro Gonçalves
17%
10 Tot 1 Pedro Porro
17%
25 OM 2 Pierre-Emerick Aubameyang
17%
23 Kpn 1 Robert
17%
6 New 2 Sandro Tonali
17%
13 Mci 1 Savinho
17%
21 Mon 1 Takumi Minamino
17%
29 Usg 1 Adem Zorgane
0%
22 Bil 1 Aitor Paredes
0%
14 Lev 1 Alejandro Grimaldo
0%
17 Bru 1 Aleksandar Stanković
0%
9 Scp 1 Alisson Santos
0%
26 Ben 1 Andreas Schjelderup
0%
29 Usg 1 Anouar Ait El Hadj
0%
24 Paf 1 Bruno Felipe
0%
27 Qar 1 Camilo Duran
0%
18 Int 1 Carlos Augusto
0%
17 Bru 1 Carlos Forbs
0%
28 Psv 1 Couhaib Driouech
0%
6 New 1 Dan Burn
0%
15 Ata 1 Davide Zappacosta
0%
24 Paf 2 Derrick Luckassen
0%
27 Qar 1 Elvin Jafarguliyev
0%
23 Kpn 1 Gabriel Pereira
0%
16 Gal 1 Gabriel Sara
0%
25 Oly 2 Gelson Martins
0%
6 New 1 Harvey Barnes
0%
11 Che 1 Jamie Gittens
0%
3 Bay 1 Jonas Urbig
0%
33 Sge 1 Jonathan Burkardt
0%
23 Kpn 1 Jordan Larsson
0%
12 Bod 2 Kasper Høgh
0%
25 Oly 1 Konstantinos Tzolakis
0%
15 Ata 1 Lazar Samardžić
0%
34 Pra 1 Lukáš Provod
0%
14 Lev 1 Malik Tillman
0%
17 Bru 1 Mamadou Diakhon
0%
16 Gal 1 Mario Lemina
0%
15 Ata 1 Mario Pašalić
0%
23 Kpn 1 Mohamed Elyounoussi
0%
21 Mon 1 Mohammed Salisu
0%
32 Ajx 2 Oscar Gloukh
0%
27 Qar 1 Pedro Bicalho
0%
30 Nap 1 Rasmus Højlund
0%
26 Ben 1 Richard Ríos
0%
14 Lev 1 Robert Andrich
0%
22 Bil 1 Robert Navarro
0%
33 Sge 1 Robin Koch
0%
26 Ben 1 Samuel Dahl
0%
30 Nap 1 Scott McTominay
0%
12 Bod 1 Sondre Brunstad
0%
36 Kai 1 Temirlan Anarbekov
0%
21 Mon 1 Vanderson
0%
6 New 1 Yoane Wissa
0%
No matching quizzes found
Score Distribution
Percent of People with Each Score
Percentile by Number Answered
Your Score History
You have not taken this quiz